000 00486nam a22001697a 4500
999 _c41772
_d41772
003 OSt
005 20221109103004.0
008 221109b ||||| |||| 00| 0 eng d
020 _a9788173818769
040 _coclc
082 _a579
_bCHA/T
100 _99282
_aChakraborty, P
245 _aA Textbook of Microbiology /
_cP Chakraborty.
260 _aNew Delhi:
_bNew central book agency,
_c2010.
300 _a782 p
942 _2ddc
_cBK
_h579
_iCHA/T
_k579
_mCHA/T